ბათუმის შოთა რუსთაველის სახელმწიფო უნივერსიტეტის ბიბლიოთეკა

შუა საუკუნეების ფილოსოფიის ისტორიის პრობლემები. (ბიბ.ჩანაწერი № 58842)

000 -ლიდერი
ფიქსირებული სიგრძის საკონტროლო ველი 01319nam a22002297a 4500
003 - საკონტროლო ნომრის იდენტიფიკატორი
საკონტროლო ველი Ge_BSU
005 - ბოლო ოპერაციის თარიღი და დრო
საკონტროლო ველი 20221006150709.0
008 - ფიქსირებული სიგრძის მონაცემთა ელემენტები - ზოგადი ინფორმაცია
ფიქსირებული სიგრძის საკონტროლო ველი 221006s1984 ge ||||| |||| 00| 0 geo d
041 ## - ენის კოდი
Language code of text/sound track or separate title geo
080 ## - უნივერსალური ათობითი კლასიფიკაციის ინდექსი
Universal Decimal Classification number 1(09)"04/14" შ-93
245 ## - ცნობა სათაურის შესახებ
Title შუა საუკუნეების ფილოსოფიის ისტორიის პრობლემები.
Remainder of title ნაწ. 2 /
Statement of responsibility, etc რ. გორდეზიანი , გ. თევზაძე, მ. მაჭავარიანი და სხვ. ; თსუ, ფილოსოფიის ისტორიის კათედრა.
264 ## - წარმოების, გამოცემის, დისტრიბუციის და სხვა ცნობები
გამოცემის, წარმოების, დისტრიბუციის... ადგილი თბილისი :
გამოცემის, წარმოების, დისტრიბუციის... სახელწოდება თბილ. უნ-ტის გამ-ბა,
გამოცემის, წარმოების, დისტრიბუციის... თარიღი 1984.
300 ## - ფიზიკური აღწერა
Extent 314 გვ.;
Other physical details 21სმ.
501 ## - შენიშვნა თანმხლებ მასალაზე
With note პირთა საძიებელი: გვ. 309-312.
504 ## - BIBLIOGRAPHY, ETC. NOTE
Bibliography, etc ბიბლიოგრაფია: გვ. 306-308.
653 ## - INDEX TERM--UNCONTROLLED
Uncontrolled term არაბული ფილოსოფია.
653 ## - INDEX TERM--UNCONTROLLED
Uncontrolled term შუა საუკუნეების ფილოსოფიის ისტორია
700 ## - ADDED ENTRY--PERSONAL NAME
Personal name გორდეზიანი, რ.
Relator term ავტორი
9 (RLIN) 15114
700 ## - ADDED ENTRY--PERSONAL NAME
Personal name თევზაძე, გ.
Relator term ავტორი
9 (RLIN) 15115
700 ## - ADDED ENTRY--PERSONAL NAME
Personal name მაჭავარიანი, მ.
Relator term ავტორი
9 (RLIN) 7310
942 ## - ADDED ENTRY ELEMENTS (KOHA)
Source of classification or shelving scheme
Koha item type წიგნი
ეგზემპლარები
ჩამოწერის სტატუსი დაკარგული ეგზემპლარის სტატუსი კლასიფიკაციის წყარო ან თაროზე გაწყობის სქემა დაზიანების სტატუსი არ გაიცემა მუდმივი მდებარეობა (დაცვის ადგილი) ამჟამინდელი ადგილსამყოფელი თაროზე განთავსების ადგილი შეძენის თარიღი ღირებულება, შესყიდვის ნორმალური ფასი სრული შენახვის შიფრი შტრიხკოდი ბოლო ოპერაციის თარიღი ეგზემპლარის მიმდევრობითი ნომერი (კეტერი?) ფასის ძალაში შესვლის თარიღი ეგზემპლარის სახეობა საჯარო შენიშვნა
          ბათუმის შოთა რუსთაველის სახელმწიფო უნივერსიტეტის მთავარი ბიბლიოთეკა ბათუმის შოთა რუსთაველის სახელმწიფო უნივერსიტეტის მთავარი ბიბლიოთეკა წიგნსაცავი 2022-10-06 4.40 1(09) 28624 2022-10-06 28624 2022-10-06 წიგნი 4 ლ. 40 თ.